• AIU
  • Tony Wilmot Memorial Library

We tono (Nouveau Testament). (Record no. 40839)

MARC details
000 -LEADER
fixed length control field 00684nam a22002051a 4500
005 - DATE AND TIME OF LATEST TRANSACTION
control field 20110718133351.0
008 - FIXED-LENGTH DATA ELEMENTS--GENERAL INFORMATION
fixed length control field 091005s1997 001 0 eng d
020 ## - INTERNATIONAL STANDARD BOOK NUMBER
Terms of availability 0.00
040 ## - CATALOGING SOURCE
Original cataloging agency NEGST Library - Kenya
050 #4 - LIBRARY OF CONGRESS CALL NUMBER
Classification number BS 325.K37 1997
082 0# - DEWEY DECIMAL CLASSIFICATION NUMBER
Classification number BS 325.K37 1997
100 1# - MAIN ENTRY--PERSONAL NAME
Personal name International Bible Society.
245 10 - TITLE STATEMENT
Title We tono (Nouveau Testament).
260 ## - PUBLICATION, DISTRIBUTION, ETC. (IMPRINT)
Name of publisher, distributor, etc Societe Biblique Interna,
Date of publication, distribution, etc 1997.
300 ## - PHYSICAL DESCRIPTION
Extent 540 p. : maps.
500 ## - GENERAL NOTE
General note "Le Nouveau Testament en Kasim du Burkina Faso." - T.p. verso. Maps on end pages. [Africana]
600 10 - SUBJECT ADDED ENTRY--PERSONAL NAME
Personal name Bible. N.T. Kasim. 1997.
600 10 - SUBJECT ADDED ENTRY--PERSONAL NAME
Personal name Kasim language - Texts.
852 ## - LOCATION/CALL NUMBER
-- 4.00
Holdings
Withdrawn status Lost status Source of classification or shelving scheme Damaged status Not for loan Collection code Home library Current library Shelving location Date acquired Cost, normal purchase price Total Checkouts Full call number Barcode Date last seen Price effective from Koha item type
    Library of Congress Classification     Reference AIU/NEGST - Tony Wilmot Memorial Library AIU/NEGST - Tony Wilmot Memorial Library Reference 10/05/2009 4.00   REF BS 325.K37 1997 R49034Y3232 09/26/2019 10/05/2009 Reference